Sports Quiz

Random Sports or Christmas Quiz
Score 0/10 Timer 10:00
0 Plays Today
Question Answer Wrong Answers
Gold Cup hero Native River won which Grand National over the Festive period in 2016? Welsh
80.5%
English
3.4%
Scottish
9.7%
Irish
5.5%
Which of these horses has a race named after them on the 27th December? Desert Orchid
65%
Arkle
18.4%
Red Rum
10%
Reve de Sivola
5.7%
Who won last year's Kauto Star Novices Chase at Kempton? Black Corton
57%
Waiting Patiently
31.8%
Elegant Escape
7%
Mias Storm
4%
Last year, Might Bite beat who into second the King George? Double Shuffle
52.1%
Tea For Two
16.9%
Thistlecrack
14.2%
Bristol De Mai
16.1%
There is one flat all-weather card on Boxing Day this year - where is it? Wolverhampton
50.4%
Lingfield
25.4%
Chelmsford
13.3%
Kempton
10%
How many King George's did Kauto Star win? 5
38.3%
3
33.1%
4
26.1%
6
2.1%
How many meetings from Britain are there on Boxing Day? 8
36.4%
5
8.7%
7
17.4%
10
37.5%
Waiting Patiently along with which British trainee is the only other horse without a run since the end of April in the King George market? Top Notch
35.6%
Clan Des Obeaux
18.9%
Tea For Two
36.9%
Black Corton
7.8%
Altior made it three from three over fences in 2016 in the Wayward Lad Novices Chase under which rider? Noel Fehily
24.8%
Nico De Boinville
63.6%
Barry Geraghty
9.1%
Harry Cobden
1.9%
How many finishers from a field of ten, were there in the 2016 renewal of the Bathwick Tyres Lord Stalbridge Memorial Cup Handicap Chase at Wincanton? 0
21.8%
1
27.3%
2
31.1%
3
18.6%
Remove Ads.
Support Sporcle.
Get the best of Sporcle when you Go Orange. This ad-free experience offers more features, more stats, and more fun while also helping to support Sporcle. Thank you for becoming a member.

You're not logged in!

Compare scores with friends on all Sporcle quizzes.
OR
Log In

Show Comments

Extras

Created Dec 18, 2018ReportNominate
Tags:Christmas Quiz, Racing

Top Quizzes Today


Score Distribution

Your Account Isn't Verified!

In order to create a playlist on Sporcle, you need to verify the email address you used during registration. Go to your Sporcle Settings to finish the process.

Report this User

Report this user for behavior that violates our Community Guidelines.

Details: